000 00233nam a22000857a 4500
008 170113b xxu||||| |||| 00| 0 eng d
100 _92396
_aSahoo.R.etal.
245 _aTogether with Computer Science-XII
260 _aNew Delhi
_bRachna
_c2010
999 _c5407
_d5407